| 000 | 00437nab a2200145Ia 4500 | ||
|---|---|---|---|
| 003 | ES-SlBCS | ||
| 005 | 20210601125303.0 | ||
| 008 | 140529s1998 xxu||||| |||| 00| 0 eng d | ||
| 041 | _aeng | ||
| 100 | 1 |
_aBalaguer, Mark _9151053 |
|
| 245 | 0 | 0 |
_aAttitudes Without Propositions _c Mark Balaguer |
| 650 | 0 | 4 |
_aAntiplatonismo _9156335 |
| 773 | 0 |
_tPhilosophy and Phenomenological Research _gvol. 58, 1998, págs. 805-826 _wRev1411 |
|
| 942 | _cAR | ||
| 999 |
_c527864 _d527864 |
||